| 000 | 01122nam0a2200325 4500 | ||
|---|---|---|---|
| 001 | RU\NLR\BIBL_A\012738233 | ||
| 005 | 20220415152015.0 | ||
| 010 |
_a978-5-17-092950-4 _93000 |
||
| 021 |
_aRU _bКН-П-21-085214 _9КН-П-21-6786 |
||
| 035 | _a(NLR Aleph) 012738233 | ||
| 035 | _a(RuMoRGB)010906412 | ||
| 090 |
_a12993946 _c12993946 |
||
| 100 | _a20220323d2021 u y0rusy50 ca | ||
| 101 | 1 |
_arus _ceng |
|
| 102 | _aRU | ||
| 105 | _ay z 000ay | ||
| 181 | 0 |
_ai4 _baxxe |
|
| 182 | 0 | _an | |
| 200 | 1 |
_aСидни Шелдон _iУзы памяти _e[роман] _fТилли Бэгшоу _gперевод с английского Т. Перцевой |
|
| 203 |
_aТекст _bвизуальный _cнепосредственный |
||
| 210 |
_aМосква _cАСТ _d2021 |
||
| 215 |
_a414, [1] с. _d18 |
||
| 225 | 1 | _aСерия "Шелдон-exclusive" | |
| 333 | _a16+ | ||
| 686 | 1 | _aШ6(4Вл)67-446{Лх1299-60} | |
| 700 | 1 |
_aБэгшоу _bТ. _f1973- _gТилли _3RU\NLR\AUTH\77111943 |
|
| 942 | _cBOOK | ||
| 980 | _aNB | ||